000 00354nam a22001337a 4500
020 _qHB.
040 _cFIZZA ISHAQ
082 _a693.83
_bMAR
100 _aPERSILY. K. ANDREW MARK P.,
_985224
245 _aAIR FLOW PERFOMANCE OF BUILDING EVELOPE /
_cMARK P. ANDREW K. PERSILY.
260 _aNEW YORK :
_c1995.
300 _a302 P. ;
942 _2ddc
_cBK
999 _c586908
_d586908